[Event "Andorra op"]
[Site "Erts - La Massana"]
[Date "2013.07.24"]
[Round "5.15"]
[White "Sreeves, C."]
[Black "Demuth, A."]
[Result "0-1"]
[WhiteElo "2251"]
[BlackElo "2463"]
[PlyCount "228"]
[EventDate "2013.??.??"]
[EventType "swiss"]
[EventRounds "9"]

1. e4 e5 2. Nf3 Nc6 3. Bb5 a6 4. Ba4 Nge7 5. c3 g6 6. d4 exd4 7. cxd4 b5 8. Bb3
Bg7 9. d5 Na5 10. Bd2 c5 11. d6 Nec6 12. Bc3 O-O 13. O-O Re8 14. Bxf7+ Kxf7 15.
Qd5+ Re6 16. Ng5+ Kg8 17. Bxa5 Nxa5 18. Qxa8 Rxd6 19. Nc3 Rc6 20. Nf3 Bxc3 21.
bxc3 Qc7 22. Nd2 Kg7 23. a4 Bb7 24. Qa7 Rb6 25. axb5 Rxb5 26. Rxa5 Rxa5 27. Rb1
Qd6 28. Qxb7 Qxd2 29. g3 Rb5 30. Rxb5 axb5 31. Qxb5 Qe1+ 32. Kg2 Qxe4+ 33. Kg1
Qe1+ 34. Kg2 Qe4+ 35. Kg1 Qd5 36. h4 h5 37. Qe2 Kf6 38. Qe8 Kf5 39. c4 Qd6 40.
Qe3 Kf6 41. Qg5+ Kf7 42. Kg2 Qd4 43. Qd8 Qe4+ 44. Kg1 Qe6 45. Qc7 Qe1+ 46. Kg2
Qe4+ 47. Kg1 Qf5 48. Qd6 Ke8 49. Qa6 Ke7 50. Qb6 Ke8 51. Qb8+ Ke7 52. Qb6 d6
53. Qc6 Qd3 54. Qc7+ Ke6 55. Qg7 Qe4 56. Qf8 Kd7 57. Qf7+ Kc6 58. Qg8 Kc7 59.
Kh2 Qf5 60. Kg1 Kd7 61. Kg2 Qe4+ 62. Kg1 Qe6 63. Qg7+ Kc6 64. Qc3 Qe4 65. Qb3
Kc7 66. Qb5 Qe1+ 67. Kg2 Qe4+ 68. Kg1 Qf5 69. Kg2 Qe6 70. Kg1 Kd8 71. Qb3 Qe1+
72. Kg2 Qe4+ 73. Kg1 Ke7 74. Qc3 Kf7 75. Kh2 d5 76. cxd5 Qxd5 77. Qa5 Kf6 78.
Qb5 Qd4 79. Qc6+ Kf5 80. Qf3+ Ke5 81. Qe2+ Kd5 82. Qf3+ Kc4 83. Kg1 Qd3 84. Qc6
Qb1+ 85. Kg2 Qf5 86. Qa4+ Kc3 87. Qa3+ Kd4 88. Qb2+ Kc4 89. Qa2+ Kb5 90. Qb3+
Kc6 91. Kg1 Qe4 92. Qa2 Qd3 93. Qa4+ Kb6 94. Kg2 c4 95. Qb4+ Kc6 96. Qa4+ Kb6
97. Qb4+ Kc6 98. Qa4+ Kc5 99. Qa5+ Kd4 100. Qb4 Kd5 101. Qb5+ Ke6 102. Qc6+ Ke5
103. Qc7+ Kd4 104. Qg7+ Kc5 105. Qa7+ Kb4 106. Qb6+ Kc3 107. Qc5 Kc2 108. f3 c3
109. Kf2 Kc1 110. Qa3+ Kd2 111. Qa2+ Qc2 112. Qa3 Kd3+ 113. Kg1 Qb1+ 114. Kg2
Qb2+ 0-1

[Event "Andorra op"]
[Site "Erts - La Massana"]
[Date "2013.07.24"]
[Round "5.16"]
[White "Wegerle, J."]
[Black "Lyell, M."]
[Result "0-1"]
[WhiteElo "2445"]
[BlackElo "2228"]
[PlyCount "74"]
[EventDate "2013.??.??"]
[EventType "swiss"]
[EventRounds "9"]

1. c4 e5 2. g3 Nc6 3. Nc3 f5 4. Nf3 Bb4 5. Nd5 a5 6. a3 Bc5 7. e3 e4 8. d4 exd3
9. Qxd3 d6 10. Qc3 Nf6 11. Nxf6+ gxf6 12. Bg2 Bb4 13. axb4 axb4 14. Rxa8 bxc3
15. bxc3 O-O 16. O-O Qe7 17. Nd4 Bd7 18. Ra1 Re8 19. Bd2 Nd8 20. Rfd1 c5 21.
Bd5+ Nf7 22. Ne2 Bc6 23. Nf4 Kh8 24. f3 Ne5 25. Kf2 Qg7 26. Bc1 Bxd5 27. Rxd5
Qd7 28. Ra5 b6 29. Ra2 Nxc4 30. Re2 Re5 31. e4 fxe4 32. Rxe4 Rxe4 33. fxe4 Qa4
34. Ne2 Qc2 35. Bf4 Qxe4 36. Rd1 Nb2 37. Rxd6 Nd3+ 0-1

[Event "Andorra op"]
[Site "Erts - La Massana"]
[Date "2013.07.24"]
[Round "5.17"]
[White "Bremner, A."]
[Black "Kjartansson, G."]
[Result "0-1"]
[WhiteElo "2228"]
[BlackElo "2444"]
[PlyCount "90"]
[EventDate "2013.??.??"]
[EventType "swiss"]
[EventRounds "9"]

1. d4 d6 2. Nf3 g6 3. c4 Bg7 4. Nc3 Nc6 5. d5 Ne5 6. Nxe5 Bxe5 7. e4 c5 8. Bd3
Bg7 9. O-O Nf6 10. h3 O-O 11. Bg5 Qc7 12. Qd2 a6 13. Bh6 e5 14. Bxg7 Kxg7 15.
a4 b6 16. a5 bxa5 17. b3 Rb8 18. Qa2 h5 19. Bc2 h4 20. Qxa5 Qd7 21. Ne2 Nh5 22.
Qd2 g5 23. f3 Nf4 24. Nxf4 gxf4 25. Rf2 Rg8 26. Kf1 Kh8 27. Ke1 Rg3 28. Ra3 Rb4
29. Bd3 Qb7 30. Qa2 Qb6 31. Bc2 Kg7 32. Kd1 Kh6 33. Ke1 Kh5 34. Ke2 Rg8 35. Ke1
Rg5 36. Ke2 Qd8 37. Ke1 Rg7 38. Bd3 Kh6 39. Ra5 Rxb3 40. Qxb3 Qxa5+ 41. Kf1
Qa1+ 42. Bb1 Qd4 43. Re2 Bxh3 44. Qb8 Qd1+ 45. Re1 Qxf3+ 0-1

[Event "Andorra op"]
[Site "Erts - La Massana"]
[Date "2013.07.24"]
[Round "5.18"]
[White "Camacho Collados, M."]
[Black "Sanchez Jerez, EM."]
[Result "0-1"]
[WhiteElo "2421"]
[BlackElo "2215"]
[PlyCount "96"]
[EventDate "2013.??.??"]
[EventType "swiss"]
[EventRounds "9"]

1. Nf3 Nf6 2. g3 g6 3. Bg2 Bg7 4. O-O O-O 5. d3 d5 6. Nbd2 c5 7. e4 Nc6 8. Re1
dxe4 9. dxe4 Qc7 10. Nc4 Rd8 11. Qe2 e5 12. Bg5 Nd4 13. Nxd4 cxd4 14. f4 exf4
15. e5 Be6 16. b3 d3 17. cxd3 Qc5+ 18. Kh1 Ng4 19. Rf1 fxg3 20. Bxd8 Rxd8 21.
hxg3 b5 22. Bf3 bxc4 23. Bxg4 cxd3 24. Qd1 Qd5+ 25. Kh2 Bxe5 26. Bxe6 Qxe6 27.
Rc1 d2 28. Rc2 Bxg3+ 29. Kg2 Qe4+ 30. Rf3 Be1 31. Rc4 Qd5 32. Rc7 Qg5+ 33. Kf1
Qb5+ 34. Rc4 Qh5 35. Rcf4 Qh1+ 36. Ke2 Qg2+ 37. Ke3 Qg1+ 38. Ke2 Re8+ 39. Kd3
Qc5 40. Rc4 Qa3 41. Rff4 Qxa2 42. Rfe4 Rd8+ 43. Rcd4 Rb8 44. Rb4 Qa6+ 45. Kc3
Qa5 46. Rec4 Rxb4 47. Rxb4 Qa1+ 48. Kc2 Qc1+ 0-1

[Event "Andorra op"]
[Site "Erts - La Massana"]
[Date "2013.07.24"]
[Round "5.19"]
[White "Massoni, M."]
[Black "Rios Garcia, M."]
[Result "1-0"]
[WhiteElo "2373"]
[BlackElo "1936"]
[PlyCount "41"]
[EventDate "2013.??.??"]
[EventType "swiss"]
[EventRounds "9"]

1. d4 d5 2. c4 e6 3. Nc3 Nf6 4. cxd5 Nxd5 5. e4 Nxc3 6. bxc3 e5 7. Nf3 exd4 8.
cxd4 Bb4+ 9. Bd2 Bxd2+ 10. Qxd2 O-O 11. Bc4 h6 12. O-O Bg4 13. Ne5 Be6 14. d5
Qd6 15. Nd3 Bc8 16. e5 Qg6 17. e6 fxe6 18. dxe6 Kh8 19. Ne5 Qf6 20. e7 Re8 21.
Qd8 1-0

[Event "Andorra op"]
[Site "Erts - La Massana"]
[Date "2013.07.24"]
[Round "5.20"]
[White "Garcia Paolicchi, R."]
[Black "Guerra Tulcan, L."]
[Result "1/2-1/2"]
[WhiteElo "2216"]
[BlackElo "2372"]
[PlyCount "64"]
[EventDate "2013.??.??"]
[EventType "swiss"]
[EventRounds "9"]

1. d4 Nf6 2. c4 e6 3. Nf3 b6 4. e3 Bb7 5. Bd3 c5 6. O-O Be7 7. Nc3 d6 8. d5
exd5 9. cxd5 a6 10. e4 b5 11. a4 c4 12. Bb1 b4 13. Ne2 Nbd7 14. Ned4 O-O 15. a5
Nc5 16. Re1 Re8 17. Nd2 Bf8 18. f3 c3 19. bxc3 bxc3 20. Nf1 Rc8 21. Re3 Ncd7
22. Qc2 Qc7 23. Ne2 Qc5 24. Qxc3 Qxc3 25. Rxc3 Nxd5 26. Rxc8 Bxc8 27. Kf2 Nb4
28. Bd2 Nc6 29. Ne3 Nc5 30. Bc2 Be6 31. Rb1 Be7 32. Nf4 Bd8 1/2-1/2

[Event "Andorra op"]
[Site "Erts - La Massana"]
[Date "2013.07.25"]
[Round "6.2"]
[White "Rodshtein, M."]
[Black "Lopez Martinez, JM."]
[Result "1-0"]
[WhiteElo "2641"]
[BlackElo "2547"]
[PlyCount "83"]
[EventDate "2013.??.??"]
[EventType "swiss"]
[EventRounds "9"]

1. d4 d6 2. Nf3 Nf6 3. c4 g6 4. Nc3 Bg7 5. e4 O-O 6. Be2 c5 7. O-O cxd4 8. Nxd4
Nc6 9. Be3 Bd7 10. Qd2 Nxd4 11. Bxd4 Bc6 12. f3 a5 13. b3 Nd7 14. Be3 Nc5 15.
Rab1 e6 16. Rbd1 Be5 17. Qe1 Qe7 18. Kh1 Rad8 19. Nb5 b6 20. Nd4 Bb7 21. Nc2
Bg7 22. Qf2 d5 23. exd5 exd5 24. cxd5 Rxd5 25. Rxd5 Bxd5 26. Rd1 Be6 27. Bb5
Rd8 28. Qe2 Rxd1+ 29. Qxd1 h5 30. Bf2 Be5 31. Ne3 h4 32. Bc4 h3 33. g3 Bc8 34.
Kg1 Bb7 35. Bf1 a4 36. bxa4 Bc6 37. Ng4 Bg7 38. a5 bxa5 39. Qc2 Bf8 40. Qc3 f5
41. Nf6+ Kf7 42. Nh7 1-0

[Event "Andorra op"]
[Site "Erts - La Massana"]
[Date "2013.07.25"]
[Round "6.4"]
[White "Burg, T."]
[Black "Peralta, F."]
[Result "1/2-1/2"]
[WhiteElo "2479"]
[BlackElo "2622"]
[PlyCount "78"]
[EventDate "2013.??.??"]
[EventType "swiss"]
[EventRounds "9"]

1. e4 e6 2. d4 d5 3. Nd2 c5 4. exd5 Qxd5 5. Ngf3 cxd4 6. Bc4 Qd6 7. O-O Nf6 8.
Nb3 Nc6 9. Nbxd4 Nxd4 10. Nxd4 Be7 11. b3 O-O 12. Bb2 Qf4 13. g3 Qc7 14. Nb5
Qc6 15. Nd4 Qc7 16. Nb5 Qb6 17. Qd4 Qxd4 18. Bxd4 b6 19. a4 Bb7 20. Rfd1 Ne4
21. Be2 Ng5 22. Rd3 Rfc8 23. c4 Rd8 24. h4 e5 25. hxg5 exd4 26. Rad1 Bxg5 27.
Rxd4 Rxd4 28. Rxd4 a6 29. Nc7 Rd8 30. Rxd8+ Bxd8 31. Nd5 a5 32. f4 Kf8 33. Kf2
Be7 34. Ke3 Bc5+ 35. Ke4 f6 36. Bg4 Bf2 37. Kf3 Bc5 38. Bd7 g6 39. g4 Bxd5+
1/2-1/2

[Event "Andorra op"]
[Site "Erts - La Massana"]
[Date "2013.07.25"]
[Round "6.7"]
[White "Kjartansson, G."]
[Black "Cabrera, A."]
[Result "0-1"]
[WhiteElo "2444"]
[BlackElo "2525"]
[PlyCount "132"]
[EventDate "2013.??.??"]
[EventType "swiss"]
[EventRounds "9"]

1. c4 Nf6 2. g3 e5 3. Bg2 Nc6 4. Nc3 g6 5. Nf3 Bg7 6. O-O O-O 7. d4 exd4 8.
Nxd4 Nxd4 9. Qxd4 d6 10. Qh4 Ng4 11. Qxd8 Rxd8 12. Nd5 Rd7 13. Bg5 f6 14. Bd2
c6 15. Nf4 f5 16. h3 Ne5 17. Rac1 Rd8 18. Rfd1 Nf7 19. Rc2 Bd7 20. Bb4 Bf8 21.
Rcd2 Rab8 22. c5 g5 23. Nh5 d5 24. Nf6+ Kg7 25. Bc3 Kh6 26. g4 Be6 27. gxf5
Bxf5 28. Bd4 Be7 29. Ng4+ Kg6 30. f3 h5 31. e4 dxe4 32. fxe4 Bxg4 33. hxg4 Rxd4
34. Rxd4 Bxc5 35. gxh5+ Kxh5 36. Kh2 Bxd4 37. Rxd4 Rd8 38. Rxd8 Nxd8 39. Kg3
Nf7 40. Bh3 Ne5 41. Bc8 b6 42. Bf5 Kh6 43. Kf2 g4 44. Kg3 Kg5 45. Bc8 c5 46.
Ba6 Nd7 47. Bc8 Ne5 48. Ba6 c4 49. a3 Kf6 50. Kf4 Ke7 51. Bc8 Kd6 52. Bxg4 Nxg4
53. Kxg4 Ke5 54. Kf3 b5 55. Ke3 a5 56. Kd2 Kxe4 57. Kc3 Kd5 58. b3 cxb3 59.
Kxb3 Kd4 60. Kc2 Kc4 61. Kb2 Kd3 62. a4 b4 63. Kb3 Kd4 64. Kc2 Ke3 65. Kb1 Kd3
66. Kb2 Kd2 0-1

[Event "Andorra op"]
[Site "Erts - La Massana"]
[Date "2013.07.25"]
[Round "6.8"]
[White "Lyell, M."]
[Black "Gozzoli, Y."]
[Result "0-1"]
[WhiteElo "2228"]
[BlackElo "2523"]
[PlyCount "43"]
[EventDate "2013.??.??"]
[EventType "swiss"]
[EventRounds "9"]

1. e4 e5 2. Nf3 Nc6 3. Bc4 Nf6 4. Ng5 d5 5. exd5 Na5 6. Bb5+ Bd7 7. Qe2 Be7 8.
Bxd7+ Qxd7 9. Qxe5 Nxd5 10. Nc3 Nb4 11. O-O Nac6 12. Qxg7 O-O-O 13. Nge4 f5 14.
Nf6 Qe6 15. Nh5 Rdg8 16. Nf4 Qd6 17. Qf7 Qxf4 18. Nd5 Rxg2+ 19. Kxg2 Qg4+ 20.
Kh1 Qf3+ 21. Kg1 Nxd5 22. Qg7 0-1

[Event "Andorra op"]
[Site "Erts - La Massana"]
[Date "2013.07.25"]
[Round "6.9"]
[White "Norwood, DR."]
[Black "Massoni, M."]
[Result "1-0"]
[WhiteElo "2491"]
[BlackElo "2373"]
[PlyCount "61"]
[EventDate "2013.??.??"]
[EventType "swiss"]
[EventRounds "9"]

1. c4 e5 2. g3 Nf6 3. Bg2 d5 4. cxd5 Nxd5 5. Nc3 Nb6 6. Nf3 Nc6 7. O-O Be7 8.
a3 O-O 9. b4 Be6 10. Rb1 f6 11. d3 a5 12. b5 Nd4 13. Nd2 Bd5 14. Nxd5 Nxd5 15.
Bb2 a4 16. Ba1 Qd7 17. Bxd4 exd4 18. Qc2 Nc3 19. Bxb7 Rab8 20. Bc6 Qg4 21. Nf3
Bxa3 22. Ra1 Bb4 23. Rxa4 Nxa4 24. Qxa4 Bc3 25. e3 Rb6 26. Qc4+ Kh8 27. exd4
Rxc6 28. Qxc6 Bxd4 29. Nxd4 Qxd4 30. Qxc7 Qxd3 31. b6 1-0

[Event "Andorra op"]
[Site "Erts - La Massana"]
[Date "2013.07.25"]
[Round "6.10"]
[White "Sanchez Jerez, EM."]
[Black "Arizmendi Martinez, JL."]
[Result "0-1"]
[WhiteElo "2215"]
[BlackElo "2580"]
[PlyCount "53"]
[EventDate "2013.??.??"]
[EventType "swiss"]
[EventRounds "9"]

1. e4 e6 2. Nc3 d5 3. d4 Bb4 4. Qg4 Nf6 5. Qxg7 Rg8 6. Qh6 dxe4 7. Nge2 b6 8.
Bd2 Bf8 9. Qe3 Bb7 10. Ng3 Nc6 11. Bb5 a6 12. Bxc6+ Bxc6 13. O-O-O Bg7 14. Qe2
Qxd4 15. Bf4 Qc5 16. Bxc7 Bb5 17. Nxb5 axb5 18. Bd6 Qc4 19. Qxc4 bxc4 20. Kb1
Nd5 21. Nxe4 f5 22. Ng3 Ra5 23. Rhe1 Rb5 24. a4 Rxb2+ 25. Kc1 Ra2 26. Ne2 Kd7
27. Nf4 0-1

[Event "Andorra op"]
[Site "Erts - La Massana"]
[Date "2013.07.25"]
[Round "6.11"]
[White "Barbot, P."]
[Black "Kogan, A."]
[Result "1-0"]
[WhiteElo "2355"]
[BlackElo "2570"]
[PlyCount "57"]
[EventDate "2013.??.??"]
[EventType "swiss"]
[EventRounds "9"]

1. d4 Nf6 2. Nf3 e6 3. e3 c5 4. Bd3 Nc6 5. O-O d5 6. b3 cxd4 7. exd4 Bd6 8. Bb2
O-O 9. Nbd2 b6 10. c4 Nb4 11. Bb1 Ba6 12. Ne5 Qc7 13. Qf3 Rfd8 14. Re1 Rac8 15.
Qh3 g6 16. a3 Nc6 17. Ndf3 dxc4 18. bxc4 Nh5 19. g4 Bxe5 20. dxe5 Ng7 21. Qh6
Ne7 22. Ng5 Qxc4 23. Be4 Rd2 24. Rac1 Re2 25. Red1 Rxe4 26. Nxe4 Nd5 27. Rxc4
Rxc4 28. Rxd5 exd5 29. e6 1-0

[Event "Andorra op"]
[Site "Erts - La Massana"]
[Date "2013.07.25"]
[Round "6.12"]
[White "Silva Rodriguez, J."]
[Black "Steingrimsson, H."]
[Result "0-1"]
[WhiteElo "2198"]
[BlackElo "2557"]
[PlyCount "34"]
[EventDate "2013.??.??"]
[EventType "swiss"]
[EventRounds "9"]

1. e4 e5 2. Nf3 Nc6 3. Bc4 Bc5 4. O-O Nf6 5. d4 Bxd4 6. Nxd4 Nxd4 7. Bg5 d6 8.
f4 Bg4 9. Qe1 Nxc2 10. Qh4 Be6 11. Nd2 Nxa1 12. Rxa1 h6 13. Rf1 Rf8 14. Bxf6
Qxf6 15. Qg3 exf4 16. Qb3 Qd4+ 17. Rf2 O-O-O 0-1

[Event "Andorra op"]
[Site "Erts - La Massana"]
[Date "2013.07.25"]
[Round "6.13"]
[White "Abello, S."]
[Black "Ibarra Jerez, JC."]
[Result "0-1"]
[WhiteElo "2335"]
[BlackElo "2538"]
[PlyCount "102"]
[EventDate "2013.??.??"]
[EventType "swiss"]
[EventRounds "9"]

1. d4 Nf6 2. c4 d6 3. Nc3 e5 4. d5 Nbd7 5. e4 Nc5 6. f3 a5 7. Be3 c6 8. Nge2 a4
9. Nc1 Qa5 10. Qd2 Be7 11. Nd3 Nfd7 12. Rb1 O-O 13. b4 axb3 14. axb3 Qa3 15.
Qc2 Bh4+ 16. g3 Bd8 17. b4 Nxd3+ 18. Bxd3 Bb6 19. Bxb6 Nxb6 20. O-O Bd7 21.
Rfc1 cxd5 22. exd5 Rfc8 23. c5 dxc5 24. Bxh7+ Kh8 25. b5 c4 26. Bf5 Qc5+ 27.
Kg2 Nxd5 28. Nxd5 Bxf5 29. Qxf5 Qxd5 30. Re1 Ra2+ 31. Kh3 Re8 32. Rbd1 Qe6 33.
Qxe6 Rxe6 34. Kg4 Rb2 35. Rd7 Rg6+ 36. Kf5 Rf6+ 37. Kg5 Rxb5 38. Re4 Rc5 39.
Rxb7 c3 40. Rb1 c2 41. Rc1 Rxf3 42. Re2 Rfc3 43. Kf5 g6+ 44. Kf6 Kg8 45. Rd2
Rf3+ 46. Ke7 Kg7 47. Rcxc2 Rxc2 48. Rxc2 Rf6 49. Re2 Re6+ 50. Kd7 e4 51. g4 g5
0-1

[Event "Andorra op"]
[Site "Erts - La Massana"]
[Date "2013.07.25"]
[Round "6.14"]
[White "Silva Rodriguez, F."]
[Black "Narciso Dublan, M."]
[Result "0-1"]
[WhiteElo "2174"]
[BlackElo "2536"]
[PlyCount "168"]
[EventDate "2013.??.??"]
[EventType "swiss"]
[EventRounds "9"]

1. d4 f5 2. Nc3 d5 3. Bf4 e6 4. e3 Nf6 5. Nf3 Bd6 6. Bd3 O-O 7. O-O b6 8. Ne2
Nc6 9. a3 Ne7 10. Rc1 Bb7 11. Ne5 Nd7 12. Nf3 Ng6 13. Bg3 e5 14. dxe5 Ndxe5 15.
Nxe5 Nxe5 16. c4 dxc4 17. Bxc4+ Nxc4 18. Rxc4 Bxg3 19. hxg3 c5 20. Rc2 Qe8 21.
Nc3 Qc6 22. f3 Rae8 23. Qe2 Rf7 24. Re1 Rfe7 25. Qc4+ Qe6 26. Qxe6+ Rxe6 27.
Rd2 Bc6 28. Kf2 Kf7 29. Rd3 R8e7 30. Red1 g6 31. Rh1 Ke8 32. Rhd1 Rd7 33. Rxd7
Bxd7 34. Rh1 h5 35. Rd1 Bc6 36. Ne2 g5 37. Rh1 Rh6 38. b4 cxb4 39. axb4 a5 40.
Nd4 Bd7 41. Ra1 axb4 42. Rb1 Kd8 43. Rxb4 Kc7 44. Ke2 Rh8 45. Rb2 Ra8 46. Kd2
Ra5 47. Kd3 b5 48. Nb3 Ra3 49. Kd4 Kb6 50. Nc5 Bc6 51. Ne6 g4 52. f4 Ra4+ 53.
Ke5 Re4+ 54. Kxf5 Rxe3 55. Nd4 Bd7+ 56. Kg5 Rd3 57. Ne2 Rd5+ 58. Kh4 Ka5 59.
Nc3 Rf5 60. Ne4 b4 61. Nd6 Rd5 62. Nc4+ Kb5 63. Ne5 Be8 64. Kg5 Rc5 65. Kf6 Ka4
66. Ke7 Bb5 67. Kd6 Rc1 68. f5 Rf1 69. Ke6 Ka3 70. Rd2 b3 71. Nd3 Bc4+ 72. Kf6
Bxd3 73. Rxd3 Ka2 74. Kg6 b2 75. Rd2 Kb3 76. Rxb2+ Kxb2 77. Kxh5 Rxf5+ 78. Kxg4
Rf2 79. Kh5 Kc3 80. g4 Kd4 81. g5 Ke5 82. g4 Ke6 83. Kg6 Rg2 84. Kh7 Rxg4 0-1

[Event "Andorra op"]
[Site "Erts - La Massana"]
[Date "2013.07.25"]
[Round "6.15"]
[White "Cherki, T."]
[Black "Hamitevici, V."]
[Result "0-1"]
[WhiteElo "2095"]
[BlackElo "2482"]
[PlyCount "64"]
[EventDate "2013.??.??"]
[EventType "swiss"]
[EventRounds "9"]

1. e4 c6 2. d4 d5 3. exd5 cxd5 4. Bd3 Nc6 5. c3 Qc7 6. h3 g6 7. Nf3 Bf5 8. O-O
Nf6 9. Re1 Bg7 10. Na3 Bxd3 11. Qxd3 O-O 12. g3 a6 13. Bf4 Qb6 14. Nc2 Ne4 15.
Rab1 f5 16. h4 e5 17. Nxe5 Nxe5 18. dxe5 Qxf2+ 19. Kh1 Qxe1+ 20. Nxe1 Nf2+ 21.
Kg2 Nxd3 22. Nxd3 Rfe8 23. Re1 Rac8 24. Nb4 Rc5 25. Re2 a5 26. Nd3 Rc4 27. Kf3
d4 28. cxd4 Rxd4 29. Nc5 b6 30. Nb7 Kf8 31. Rc2 Rd3+ 32. Ke2 Rd7 0-1

[Event "Andorra op"]
[Site "Erts - La Massana"]
[Date "2013.07.25"]
[Round "6.16"]
[White "Mateu Guiu, E."]
[Black "Sachdev, T."]
[Result "0-1"]
[WhiteElo "2043"]
[BlackElo "2430"]
[PlyCount "138"]
[EventDate "2013.??.??"]
[EventType "swiss"]
[EventRounds "9"]

1. e4 c5 2. Nf3 e6 3. b3 b6 4. Bb2 Bb7 5. Nc3 Be7 6. d4 cxd4 7. Qxd4 Nf6 8. e5
Nd5 9. Nxd5 Bxd5 10. Qg4 O-O 11. Bd3 f5 12. Qf4 d6 13. O-O-O dxe5 14. Bxe5 Nc6
15. Bb2 Nb4 16. Kb1 Nxd3 17. Rxd3 Rc8 18. Ne5 Qc7 19. Rc3 Qb7 20. Rxc8 Rxc8 21.
f3 b5 22. Re1 Bf6 23. g4 Qc7 24. Qd2 f4 25. Re2 Rf8 26. Qe1 Qb7 27. Qf2 a5 28.
h4 a4 29. g5 Bd8 30. Qf1 Bb6 31. h5 Qa7 32. Qd1 Rf5 33. Qd2 a3 34. Ba1 Rxg5 35.
Re1 Be3 36. Qc3 Qc5 37. Qa5 Rg2 38. Qd8+ Qf8 39. Qd7 Bd2 40. Rh1 b4 41. Bd4 Be3
42. Ba1 Bc5 43. h6 gxh6 44. Rd1 Rg7 45. Qb5 Rb7 46. Qe2 h5 47. Nd3 Be3 48. Qg2+
Rg7 49. Bxg7 Qxg7 50. Qxg7+ Kxg7 51. Rf1 Bd2 52. Rf2 Be3 53. Rf1 h4 54. Nxb4
Bb7 55. Nd3 h3 56. Rh1 Bxf3 57. Rxh3 Bg2 58. Rxe3 fxe3 59. Kc1 h5 60. Nf4 Bf3
61. c4 h4 62. c5 e5 63. Nh3 Bg2 64. Ng1 h3 65. Nxh3 Bxh3 66. b4 Kf7 67. Kc2
Bf5+ 68. Kc3 Ke7 69. b5 Kd7 0-1

[Event "Andorra op"]
[Site "Erts - La Massana"]
[Date "2013.07.25"]
[Round "6.17"]
[White "Riff, JN."]
[Black "Macias Murillo, B."]
[Result "1-0"]
[WhiteElo "2427"]
[BlackElo "2298"]
[PlyCount "89"]
[EventDate "2013.??.??"]
[EventType "swiss"]
[EventRounds "9"]

1. e4 c5 2. Nc3 e6 3. Nf3 a6 4. d4 cxd4 5. Nxd4 Qc7 6. g3 b6 7. Bg2 Bb7 8. O-O
Nf6 9. Re1 d6 10. h3 Nbd7 11. g4 h6 12. a4 g6 13. Qd3 Rc8 14. Qg3 e5 15. Nb3
Bg7 16. Be3 O-O 17. Rad1 Qb8 18. f3 b5 19. axb5 axb5 20. Qf2 Bc6 21. Qd2 b4 22.
Na2 Ba4 23. Qxb4 Qxb4 24. Nxb4 Rc4 25. Bd2 Rb8 26. Na5 Rcxb4 27. Bxb4 Rxb4 28.
b3 Rb5 29. Nc4 Rc5 30. Nxd6 Bc6 31. c4 Bf8 32. Bf1 Ba8 33. b4 Rc6 34. c5 Nxc5
35. bxc5 Rxc5 36. Nc4 Be7 37. Rc1 Bb7 38. Ne3 Ne8 39. Red1 Kf8 40. Kf2 Ra5 41.
Rd7 Ra2+ 42. Kg1 Nd6 43. Rcc7 Bg5 44. Ng2 Rd2 45. h4 1-0

[Event "Andorra op"]
[Site "Erts - La Massana"]
[Date "2013.07.25"]
[Round "6.18"]
[White "Trent, L."]
[Black "Garcia Paolicchi, R."]
[Result "1-0"]
[WhiteElo "2420"]
[BlackElo "2216"]
[PlyCount "53"]
[EventDate "2013.??.??"]
[EventType "swiss"]
[EventRounds "9"]

1. e4 d5 2. exd5 Qxd5 3. Nc3 Qa5 4. Bc4 Nf6 5. d3 c6 6. Qe2 Bg4 7. f3 Bd7 8.
Bd2 Qc7 9. a4 e6 10. f4 Bd6 11. g3 O-O 12. Nf3 a5 13. Ne5 Na6 14. O-O Nb4 15.
Bb3 Rae8 16. Nxd7 Nxd7 17. Ne4 Nc5 18. Bc3 Nxe4 19. dxe4 Bc5+ 20. Kh1 Rd8 21.
Qg4 g6 22. f5 exf5 23. Rxf5 Bd4 24. Raf1 Kh8 25. Rxf7 Rxf7 26. Rxf7 Qd6 27. Qh4
1-0

[Event "Andorra op"]
[Site "Erts - La Massana"]
[Date "2013.07.25"]
[Round "6.19"]
[White "Berkovich, MA."]
[Black "Cuenca Jimenez, JF."]
[Result "0-1"]
[WhiteElo "2375"]
[BlackElo "2186"]
[PlyCount "76"]
[EventDate "2013.??.??"]
[EventType "swiss"]
[EventRounds "9"]

1. Nf3 g6 2. e4 Bg7 3. d4 d6 4. c3 Nd7 5. Bc4 h6 6. O-O e6 7. Bf4 Ne7 8. Qc1 a6
9. Na3 b5 10. Bd3 Bb7 11. Nc2 e5 12. dxe5 dxe5 13. Be3 f5 14. exf5 gxf5 15. Nh4
f4 16. Bxf4 exf4 17. Qxf4 Ne5 18. Be2 h5 19. Rad1 Nd5 20. Qe4 O-O 21. Nf5 Qg5
22. Nxg7 Rf4 23. Ne6 Rxe4 24. Nxg5 Rxe2 25. Nd4 Rxb2 26. Rde1 Nd3 27. Re6 N5f4
28. Re7 Rf8 29. g3 Nd5 30. Rd7 Ne5 31. Rh7 Nf7 32. Nde6 Nxg5 33. Rg7+ Kh8 34.
Rxg5 Rf6 35. Rxh5+ Kg8 36. Rg5+ Kh7 37. Re1 Rbxf2 38. Nc5 Ne3 0-1

[Event "Andorra op"]
[Site "Erts - La Massana"]
[Date "2013.07.25"]
[Round "6.20"]
[White "Guerra Tulcan, L."]
[Black "Green, AD."]
[Result "1/2-1/2"]
[WhiteElo "2372"]
[BlackElo "2160"]
[PlyCount "46"]
[EventDate "2013.??.??"]
[EventType "swiss"]
[EventRounds "9"]

1. e4 c5 2. Nf3 g6 3. d4 cxd4 4. Nxd4 Nc6 5. Nc3 Bg7 6. Nb3 Nf6 7. Be2 O-O 8.
O-O d6 9. Re1 Be6 10. Bf1 a5 11. a4 Bxb3 12. cxb3 e6 13. Bg5 h6 14. Bh4 Qb6 15.
Nb5 d5 16. Bxf6 Bxf6 17. exd5 exd5 18. Qxd5 Bxb2 19. Rad1 Rad8 20. Qe4 Nd4 21.
Bc4 Nxb5 22. Rxd8 Rxd8 23. axb5 Bd4 1/2-1/2

[Event "Andorra op"]
[Site "Erts - La Massana"]
[Date "2013.07.26"]
[Round "7.3"]
[White "Vovk, A."]
[Black "Norwood, DR."]
[Result "1-0"]
[WhiteElo "2567"]
[BlackElo "2491"]
[PlyCount "159"]
[EventDate "2013.??.??"]
[EventType "swiss"]
[EventRounds "9"]

1. e4 d6 2. d4 Nf6 3. Nc3 g6 4. Nf3 Bg7 5. Be2 O-O 6. O-O a6 7. a4 b6 8. e5
dxe5 9. dxe5 Ng4 10. Qd5 Ra7 11. h3 Nxe5 12. Nxe5 Qxd5 13. Nxd5 Bxe5 14. Nxe7+
Kg7 15. Nxc8 Rxc8 16. Rd1 c6 17. Ra3 b5 18. axb5 cxb5 19. Be3 Re7 20. c3 Rcc7
21. Kf1 Red7 22. Ra2 Rxd1+ 23. Bxd1 Kf6 24. f4 Bd6 25. b4 Ke7 26. Bd2 Rd7 27.
Bf3 h5 28. f5 Kf6 29. fxg6 fxg6 30. Ke2 Be5 31. Ra3 Rd6 32. Be3 Rd7 33. Be4 g5
34. Bf3 h4 35. Bg4 Rd6 36. Bc5 Rd8 37. Bb6 Rd5 38. Bf3 Rd7 39. Be4 Ke6 40. Bc5
Kf6 41. Bd3 Bd6 42. Bg1 Be5 43. Kd2 g4 44. Bf2 Kg5 45. Kc2 g3 46. Be3+ Bf4 47.
Bc5 Bd6 48. Be3+ Bf4 49. Bxf4+ Kxf4 50. Ra1 Rd5 51. Rf1+ Kg5 52. Be4 Re5 53.
Kd3 Nd7 54. Kd4 Re7 55. Rf5+ Kh6 56. Bf3 Kg6 57. Rd5 Nf6 58. Rd6 Kf5 59. Rxa6
Rd7+ 60. Ke3 Re7+ 61. Kd3 Rd7+ 62. Kc2 Re7 63. Rb6 Re3 64. Rxb5+ Kf4 65. Rb6
Nd7 66. Rh6 Ne5 67. Rxh4+ Kf5 68. Bb7 Re2+ 69. Kb3 Nd3 70. c4 Nf4 71. Rg4 Re7
72. Bc8+ Ke4 73. Rxg3 Ne2 74. Rg4+ Kd3 75. b5 Nd4+ 76. Kb4 Nc2+ 77. Ka5 Ne3 78.
c5 Rc7 79. c6 Rxc8 80. Rg3 1-0

[Event "Andorra op"]
[Site "Erts - La Massana"]
[Date "2013.07.26"]
[Round "7.4"]
[White "Gozzoli, Y."]
[Black "Felgaer Ziegler, R."]
[Result "1/2-1/2"]
[WhiteElo "2523"]
[BlackElo "2586"]
[PlyCount "88"]
[EventDate "2013.??.??"]
[EventType "swiss"]
[EventRounds "9"]

1. d4 d6 2. Nf3 Nf6 3. c4 g6 4. Nc3 Bg7 5. e4 O-O 6. Be2 c5 7. d5 e6 8. O-O Re8
9. Bf4 e5 10. Bg5 h6 11. Bd2 Nbd7 12. a3 b6 13. g3 Nh7 14. Qc1 h5 15. Ng5 Nxg5
16. Bxg5 Bf6 17. Bxf6 Nxf6 18. f4 Kg7 19. Rf2 Bg4 20. Bd3 h4 21. Qe3 Bh5 22.
Be2 Bxe2 23. Rxe2 hxg3 24. hxg3 Rh8 25. Rf1 Rh3 26. f5 Qh8 27. Qf3 Qh6 28. Nd1
Qg5 29. Rg2 Rah8 30. Nf2 R3h6 31. Rd1 gxf5 32. exf5 e4 33. Qf4 Qxf4 34. gxf4+
Kf8 35. Re1 Rh4 36. Nxe4 Rh1+ 37. Kf2 Rxe1 38. Nxf6 Rc1 39. Kf3 Rxc4 40. Re2
Rh3+ 41. Kg4 Rh1 42. Kg5 Rg1+ 43. Kh6 Rh1+ 44. Kg5 Rg1+ 1/2-1/2

[Event "Andorra op"]
[Site "Erts - La Massana"]
[Date "2013.07.26"]
[Round "7.6"]
[White "Demuth, A."]
[Black "Arizmendi Martinez, JL."]
[Result "1/2-1/2"]
[WhiteElo "2463"]
[BlackElo "2580"]
[PlyCount "31"]
[EventDate "2013.??.??"]
[EventType "swiss"]
[EventRounds "9"]

1. d4 Nf6 2. c4 e6 3. Nc3 d5 4. cxd5 exd5 5. Bg5 c6 6. e3 Be7 7. Bd3 Nbd7 8.
Nf3 Nh5 9. Bxe7 Qxe7 10. O-O Nhf6 11. Qc2 O-O 12. Rab1 a5 13. a3 Re8 14. Nd2
Qd6 15. Rfc1 Nf8 16. Na4 1/2-1/2